| 000 | 00456nam a2200181Ia 4500 | ||
|---|---|---|---|
| 008 | 240925s9999 xx 000 0 und d | ||
| 020 | _a471629006 | ||
| 082 | _a621.317 SLE | ||
| 100 | _aSlemon ,Gordon R. | ||
| 245 | 0 | _aPower Semiconductor Drivers | |
| 250 | _aNA | ||
| 260 |
_aLondon: _bJohn Wiley Sons _c,1984. |
||
| 300 |
_aXI,216p. _bNA _fNA |
||
| 500 | _aIncludes Index | ||
| 600 | _aElectrical Engineering | ||
| 650 | _aTechnology | ||
| 942 | _cBK | ||
| 999 |
_c3082 _d3082 |
||